| 000 | 00831nam a22002533a 4500 | ||
|---|---|---|---|
| 005 | 20240925064659.0 | ||
| 008 | 010604s1991 mx fr 000 0 spa d | ||
| 020 | _a8477310939 | ||
| 035 | _aUPN01000107402 | ||
| 049 | _aCG | ||
| 050 | 4 |
_aJC330 _bE7.68 1991 |
|
| 245 | 0 | 0 |
_aEspacios de poder / _cRobert Castel... [et al.] ; tr. Julia Varela. |
| 250 | _a2a ed. | ||
| 260 |
_aMadrid : _bLa Piqueta : _b[Endymion], _c1991. |
||
| 300 | _a165 p. | ||
| 440 | 0 |
_aGenealogía del poder ; _v6 |
|
| 590 | _a(También localizas un ejemplar en el "Area de Reserva") | ||
| 590 | _aBibliografía Básica (BGTQ) | ||
| 500 | _a"1a. ed. La Piqueta, 1981. 2a. ed. Ediciones Endymion, 1991" | ||
| 650 | 4 |
_aPoder (Ciencias sociales) _91203 |
|
| 650 | 4 |
_aEstado _96019 |
|
| 700 | 1 |
_aCastel, Robert, _d1933-2013 _ecoaut. _939649 |
|
| 905 | _aLibro | ||
| 999 |
_c81314 _d81314 |
||